Fenntartható közösségszervezés- Egy közösségi együttműködésen alapuló közösségi tér projektje

Bibliográfiai részletek
Szerző: Kovács Réka
További közreműködők: Farkas Dr. Julianna
Dokumentumtípus: Diplomadolgozat
Kulcsszavak:egyén és közösség
fenntartható fejlődés
fenntarthatóság
közösségfejlesztés
közösségszervezés
Online Access:http://dolgozattar.uni-bge.hu/59557

MARC

LEADER 00000nta a2200000 i 4500
001 dolg59557
005 20260409145228.0
008 260409suuuu hu om 000 hun d
040 |a BGE Dolgozattár Repozitórium  |b hun 
041 |a hu 
100 1 |a Kovács Réka 
245 1 0 |a Fenntartható közösségszervezés- Egy közösségi együttműködésen alapuló közösségi tér projektje  |c Kovács Réka  |h [elektronikus dokumentum] 
520 3 |a A dolgozat egy közösségi együttműködésen alapuló fenntartható közösségi tér létrehozásának lehetőségeit és módjait vizsgálja Baja városában.A projekt célja egy alulról szerveződő, környezeti társadalmi és gazdasági szempontból is fenntartható helyszín létrehozása, amely kulturális programokkal, oktatással, generációk közötti tudásmegosztással és a helyi gazdaság támogatása folytán ösztönzi a közösségi összetartozást. A kutatás során 19 kérdésből álló helyi igényfelmérés készült, valamint működési modell került kidolgozásra. 
695 |a egyén és közösség 
695 |a fenntartható fejlődés 
695 |a fenntarthatóság 
695 |a közösségfejlesztés 
695 |a közösségszervezés 
700 1 |a Farkas Dr. Julianna  |e ths 
856 4 0 |u http://dolgozattar.uni-bge.hu/59557/1/Kov%C3%A1cs%20R%C3%A9ka-2025.04.28.-szakdolgozat-Fenntarthat%C3%B3%20k%C3%B6z%C3%B6ss%C3%A9gszervez%C3%A9s.pdf  |z Dokumentum-elérés 
856 4 0 |u http://dolgozattar.uni-bge.hu/59557/2/Kov%C3%A1cs%20R%C3%A9ka%20b%C3%ADr%C3%A1lat%20Farkas.pdf  |z Dokumentum-elérés 
856 4 0 |u http://dolgozattar.uni-bge.hu/59557/3/Kov%C3%A1cs_R%C3%A9ka_b%C3%ADr%C3%A1lati_lap.pdf  |z Dokumentum-elérés